[Event "Klubbmesterskap 1998 (finale)"]
[Site "Ås, Akershus NOR"]
[Date "1998.05.19"]
[Round "6"]
[White "Moberg, Jan Rune"]
[Black "Ådnøy, Hallvard Voll"]
[Result "0-1"]
[WhiteElo "1344"]
[BlackElo "1924"]
[PlyCount "53"]
[EventDate "1998.05.04"]

1. Nf3 d5 2. d4 e6 3. Bf4 Bd6 4. Qd2 Nf6 5. Nc3 c5 6. Nb5 Bxf4 7. Qxf4 Qa5+ 8.
Nc3 Nc6 9. a3 Ne4 10. Qe3 f5 11. g3 e5 12. Rd1 cxd4 13. Nxd4 exd4 14. Rxd4 Nxd4
15. Qxd4 Nf6 16. Qe5+ Kf7 17. Bg2 Be6 18. O-O Rac8 19. Rd1 Qc7 20. Qe3 Qb6 21.
Nxd5 Nxd5 22. Rxd5 Qxe3 23. fxe3 Bxd5 24. Bxd5+ Ke7 25. c4 Rhd8 26. Kf2 Rxd5
27. cxd5 0-1

[Event "Klubbmesterskap 1998 (finale)"]
[Site "Ski, Akershus NOR"]
[Date "1998.05.25"]
[Round "7"]
[White "Furnes, Torstein"]
[Black "Moberg, Jan Rune"]
[Result "0-1"]
[WhiteElo "1483"]
[BlackElo "1344"]
[PlyCount "152"]
[EventDate "1998.05.04"]

1. d4 d5 2. c4 Nc6 3. e3 Nf6 4. Nf3 e6 5. Nc3 Bb4 6. Bd2 O-O 7. Qc2 a6 8. Bd3
Re8 9. Ne5 dxc4 10. Bxc4 Nxe5 11. dxe5 Nd7 12. f4 Nxe5 13. Bxa6 Rxa6 14. fxe5
Bxc3 15. Bxc3 Qg5 16. Qf2 Bd7 17. O-O Qg6 18. Rad1 Bb5 19. Rfe1 Rxa2 20. Rd4 c5
21. Rf4 Rd8 22. h3 b6 23. Rg4 Qd3 24. Qg3 g6 25. h4 Ra4 26. Rxa4 Bxa4 27. Rf1
Bc6 28. h5 Bb5 29. Re1 Qf5 30. Qh4 g5 31. Qg3 h6 32. e4 Qf4 33. Qxf4 gxf4 34.
Kf2 Rd3 35. Rh1 Re3 36. Rh4 Rxe4 37. Kf3 Bc6 38. Rxf4 Rxe5+ 39. Kg4 Rg5+ 40.
Kh4 f5 41. g3 Be8 42. g4 Kf7 43. gxf5 exf5 44. Rf1 Ke6 45. Re1+ Kd7 46. Ra1
Rxh5+ 47. Kg3 Rg5+ 48. Kf4 Bg6 49. Ra7+ Kc6 50. Re7 Rg4+ 51. Kf3 Re4 52. Rg7
Bh5+ 53. Kf2 Re6 54. Rh7 Bg4 55. Kg3 h5 56. Kf4 Kd5 57. Rd7+ Kc4 58. Rh7 Re4+
59. Kg3 Re3+ 60. Kf4 Rf3+ 61. Ke5 Rxc3 62. bxc3 Kxc3 63. Rb7 Kd3 64. Rxb6 c4
65. Rd6+ Kc2 66. Kd4 Be2 67. Rc6 Kd2 68. Rc5 f4 69. Ra5 h4 70. Ra2+ Ke1 71.
Ra1+ Kf2 72. Rh1 Kg3 73. Rg1+ Kh2 74. Re1 f3 75. Ke3 Kg2 76. Rc1 h3 0-1

[Event "Klubbmesterskap 1998 (finale)"]
[Site "Ski, Akershus NOR"]
[Date "1998.05.25"]
[Round "7"]
[White "Ådnøy, Hallvard Voll"]
[Black "Bekkelien, Glenn Lewi"]
[Result "1-0"]
[WhiteElo "1924"]
[BlackElo "1562"]
[PlyCount "21"]
[EventDate "1998.05.04"]

1. e4 c6 2. d4 d5 3. exd5 cxd5 4. c4 Nf6 5. Nc3 e6 6. Nf3 Bb4 7. Bd3 b6 8. Qa4+
Nc6 9. Qxc6+ Bd7 10. Qb7 a6 11. Bf4 1-0

[Event "Høstturnering 1997 (avdeling Ås)"]
[Site "Ås, Akershus NOR"]
[Date "1997.09.16"]
[Round "1"]
[White "Lea, Per"]
[Black "Skaug, Thorbjørn"]
[Result "1-0"]
[WhiteElo "1708"]
[BlackElo "1082"]
[PlyCount "79"]
[EventDate "1997.09.16"]

1. e4 e6 2. d4 a6 3. c4 b5 4. cxb5 axb5 5. Bxb5 Bb7 6. Bd3 f5 7. Qe2 Qe7 8. Nf3
fxe4 9. Bxe4 Bxe4 10. Qxe4 Nc6 11. O-O Nf6 12. Qc2 Qd8 13. Bg5 Be7 14. Nc3 Nb4
15. Qe2 O-O 16. Ne5 Qe8 17. a3 Nbd5 18. Rac1 d6 19. Ng4 Qf7 20. Nb5 Nxg4 21.
Bxe7 Nxh2 22. Bxf8 Nxf1 23. Bxd6 cxd6 24. Kxf1 Nf4 25. Qf3 Rd8 26. Nxd6 Qf8 27.
Nb5 Nd5 28. Qxf8+ Kxf8 29. g3 Rb8 30. a4 Ke7 31. Ke2 Kf6 32. Rc6 Ne7 33. Rc4
Nf5 34. Kd3 Rd8 35. a5 e5 36. d5 Ne7 37. Nc3 Nc6 38. Rxc6+ Kf5 39. a6 Rxd5+ 40.
Ke3 1-0

[Event "Høstturnering 1997 (avdeling Ås)"]
[Site "Ås, Akershus NOR"]
[Date "1997.09.16"]
[Round "1"]
[White "Gressli, Kristoffer"]
[Black "Furnes, Torstein"]
[Result "0-1"]
[WhiteElo "981"]
[BlackElo "1479"]
[PlyCount "40"]
[EventDate "1997.09.16"]

1. f4 d5 2. b3 Nf6 3. Bb2 c5 4. Nf3 Nc6 5. e3 Bg4 6. Bb5 a6 7. Bxc6+ bxc6 8. d3
e6 9. O-O Be7 10. Qe1 Bxf3 11. Rxf3 h5 12. Qg3 Rg8 13. f5 exf5 14. Rxf5 g6 15.
Rf3 d4 16. exd4 cxd4 17. Qe5 c5 18. Rxf6 Kf8 19. Rf3 Bd6 20. Qd5 Bxh2+ 0-1

[Event "Høstturnering 1997 (avdeling Ås)"]
[Site "Ås, Akershus NOR"]
[Date "1997.10.06"]
[Round "2"]
[White "Lea, Per"]
[Black "Bekkelien, Glenn Lewi"]
[Result "1-0"]
[WhiteElo "1708"]
[BlackElo "1528"]
[PlyCount "47"]
[EventDate "1997.09.16"]

1. e4 c5 2. Nf3 d6 3. d4 cxd4 4. Nxd4 Nf6 5. Nc3 g6 6. Be3 Bg7 7. f3 Nc6 8. Bc4
O-O 9. Qd2 Bd7 10. O-O-O Rc8 11. Nxc6 Bxc6 12. Bb3 Qa5 13. Bh6 Rc7 14. Bxg7
Kxg7 15. g4 b5 16. h4 b4 17. Nd5 Bxd5 18. exd5 Rfc8 19. h5 Rc3 20. g5 Rxb3 21.
gxf6+ exf6 22. hxg6 fxg6 23. Qh6+ Kf7 24. Qxh7+ 1-0

[Event "Høstturnering 1997 (avdeling Ås)"]
[Site "Ås, Akershus NOR"]
[Date "1997.09.23"]
[Round "2"]
[White "Furnes, Torstein"]
[Black "Øgaard, Henning"]
[Result "0-1"]
[WhiteElo "1479"]
[BlackElo "1460"]
[PlyCount "100"]
[EventDate "1997.09.16"]

1. d4 f5 2. c4 Nf6 3. Nc3 e6 4. Bg5 Be7 5. Nf3 O-O 6. e3 d5 7. Qc2 c6 8. cxd5
exd5 9. Bd3 Ne4 10. Bxe7 Qxe7 11. Ne5 Nd7 12. Nxd7 Bxd7 13. O-O-O Rac8 14. g4
Nxc3 15. bxc3 c5 16. Bxf5 cxd4 17. Rxd4 Qa3+ 18. Kb1 Bxf5 19. gxf5 Rxc3 20. Qb2
Rxf5 21. Qxa3 Rxa3 22. Kb2 Ra6 23. f4 Re6 24. Rd3 d4 25. exd4 Rxf4 26. d5 Rd6
27. Rc1 h6 28. Rc7 Rf7 29. Rc8+ Kh7 30. Kb3 Rfd7 31. Kc4 Kg6 32. a4 Kf6 33. h4
g5 34. hxg5+ hxg5 35. Rd4 g4 36. Rg8 Rc7+ 37. Kd3 Rcd7 38. Rgxg4 Rxd5 39. Kc4
Rxd4+ 40. Rxd4 Rxd4+ 41. Kxd4 Ke6 42. Kc5 Kd7 43. Kb5 Kc7 44. a5 Kd6 45. Kb4 a6
46. Kc4 Kc6 47. Kb4 Kd5 48. Kb3 Kc5 49. Ka4 Kc4 50. Ka3 Kb5 0-1

[Event "Høstturnering 1997 (avdeling Ås)"]
[Site "Ås, Akershus NOR"]
[Date "1997.09.30"]
[Round "3"]
[White "Weberg, Øivind"]
[Black "Furnes, Torstein"]
[Result "1/2-1/2"]
[WhiteElo "1638"]
[BlackElo "1479"]
[PlyCount "61"]
[EventDate "1997.09.16"]

1. e4 c5 2. Nf3 Nc6 3. d4 cxd4 4. Nxd4 e5 5. Nb5 d6 6. N1c3 a6 7. Na3 b5 8. Nd5
Nf6 9. Bg5 Be7 10. Nxe7 Qxe7 11. c3 O-O 12. Nc2 h6 13. Bh4 g5 14. Bg3 Nxe4 15.
Qd5 Nxg3 16. hxg3 Bb7 17. Qd2 Kg7 18. O-O-O Rad8 19. Ne3 f5 20. g4 fxg4 21.
Nxg4 Rh8 22. Ne3 Qf7 23. Bd3 Ne7 24. Bb1 d5 25. Ng4 Qf4 26. Qxf4 exf4 27. Rhe1
Rhe8 28. Rh1 Ng8 29. Rde1 Rxe1+ 30. Rxe1 h5 31. Ne5 1/2-1/2

[Event "Høstturnering 1997 (avdeling Ås)"]
[Site "Ås, Akershus NOR"]
[Date "1997.10.07"]
[Round "3"]
[White "Wang, Yung-Ling"]
[Black "Lea, Per"]
[Result "0-1"]
[WhiteElo "790"]
[BlackElo "1708"]
[PlyCount "74"]
[EventDate "1997.09.16"]

1. e4 e5 2. Nf3 Nc6 3. d4 exd4 4. Bc4 Nf6 5. Nxd4 Nxd4 6. Qxd4 d6 7. Nc3 Be7 8.
Bg5 O-O 9. O-O-O a6 10. a3 b5 11. Bd3 Bb7 12. f3 c5 13. Qf2 Nxe4 14. Nxe4 Bxg5+
15. Kb1 Bxe4 16. Bxe4 Ra7 17. Rd2 Bxd2 18. Qxd2 f5 19. Qd5+ Kh8 20. Bxf5 Qg5
21. g4 Rd8 22. h4 Qe7 23. Be4 Qe5 24. Rd1 Qxd5 25. Rxd5 Kg8 26. c3 Re7 27. Kc2
Re5 28. h5 h6 29. Kd3 Kf7 30. c4 Ke6 31. Bf5+ Ke7 32. Be4 Rb8 33. cxb5 Rxb5 34.
Kc3 Ke6 35. Bf5+ Kxd5 36. Be4+ Rxe4 37. fxe4+ Kxe4 0-1

[Event "Høstturnering 1997 (avdeling Ås)"]
[Site "Ås, Akershus NOR"]
[Date "1997.10.14"]
[Round "4"]
[White "Øgaard, Henning"]
[Black "Lea, Per"]
[Result "0-1"]
[WhiteElo "1460"]
[BlackElo "1708"]
[PlyCount "84"]
[EventDate "1997.09.16"]

1. d4 d5 2. Nf3 Nf6 3. Bg5 e6 4. Nbd2 Be7 5. e3 O-O 6. Bd3 Nbd7 7. O-O c5 8. c3
h6 9. Bh4 c4 10. Bc2 b5 11. e4 dxe4 12. Nxe4 Bb7 13. Nxf6+ Nxf6 14. Ne5 Qd5 15.
f3 Qd8 16. a4 Nd5 17. Bxe7 Qxe7 18. Qd2 a6 19. Rae1 Rac8 20. f4 Rfe8 21. f5
exf5 22. Bxf5 Rc7 23. Nxf7 Qxf7 24. Bh7+ Kxh7 25. Rxf7 Rxe1+ 26. Qxe1 Rxf7 27.
Qe4+ Kg8 28. Qe8+ Rf8 29. Qe6+ Rf7 30. axb5 axb5 31. Qe8+ Rf8 32. Qxb5 Ne3 33.
h3 Bxg2 34. Qd7 Bd5 35. Qc7 Rf1+ 36. Kh2 Rf2+ 37. Kg3 Rf3+ 38. Kh4 Rf4+ 39. Kg3
Rf3+ 40. Kh4 g5+ 41. Kh5 Rxh3+ 42. Kg6 Be4+ 0-1

[Event "Høstturnering 1997 (avdeling Ås)"]
[Site "Ås, Akershus NOR"]
[Date "1997.10.14"]
[Round "4"]
[White "Furnes, Torstein"]
[Black "Bekkelien, Glenn Lewi"]
[Result "0-1"]
[WhiteElo "1479"]
[BlackElo "1528"]
[PlyCount "70"]
[EventDate "1997.09.16"]

1. d4 e6 2. c4 b6 3. Nc3 Bb4 4. Nf3 Bb7 5. e3 f5 6. Bd2 Nf6 7. Qc2 d6 8. a3
Bxc3 9. Bxc3 O-O 10. h4 Nbd7 11. O-O-O Be4 12. Bd3 a5 13. Ng5 Bxd3 14. Qxd3 Qe7
15. f3 d5 16. Rdg1 b5 17. cxb5 Nb6 18. g4 Na4 19. gxf5 exf5 20. Rg2 Nxc3 21.
Qxc3 Rfe8 22. Kd2 a4 23. Rhg1 Rab8 24. Nh3 g6 25. Nf4 Rxb5 26. Re2 Rb3 27. Qc2
Kf7 28. Nd3 Qd6 29. Nc5 Rbxe3 30. Rxe3 Qh2+ 31. Kc3 Rxe3+ 32. Nd3 Qxg1 33. Kb4
Re7 34. Ne5+ Kg7 35. Qxa4 Qxd4+ 0-1

[Event "Høstturnering 1997 (avdeling Ås)"]
[Site "Ås, Akershus NOR"]
[Date "1997.10.21"]
[Round "5"]
[White "Furnes, Torstein"]
[Black "Delphin, Nils Håkon"]
[Result "1-0"]
[WhiteElo "1479"]
[BlackElo "1035"]
[PlyCount "87"]
[EventDate "1997.09.16"]

1. d4 d5 2. c4 c6 3. Nc3 Nf6 4. Bf4 Bf5 5. e3 e6 6. Nf3 Qb6 7. Qc1 Be7 8. Be2
Nbd7 9. O-O h6 10. c5 Qd8 11. h3 g5 12. Bh2 g4 13. hxg4 Nxg4 14. b4 Nxh2 15.
Nxh2 a6 16. a4 h5 17. b5 Qc7 18. b6 Qd8 19. Qd1 Nf6 20. Bd3 Bg6 21. Bxg6 fxg6
22. Qd3 Rg8 23. e4 Qd7 24. e5 Nh7 25. f4 O-O-O 26. Na2 Kb8 27. Nb4 Qc8 28. a5
Rdf8 29. Rf3 Rf7 30. Raf1 Nf8 31. g4 Rh7 32. Kf2 Rgg7 33. Ke2 g5 34. fxg5 hxg4
35. Nxg4 Rh4 36. Nf6 Rxg5 37. Rh3 Rxh3 38. Qxh3 Ng6 39. Qh7 Rg2+ 40. Rf2 Rxf2+
41. Kxf2 Bxf6 42. exf6 Nf8 43. Nxa6+ bxa6 44. Qa7# 1-0

[Event "Høstturnering 1997 (avdeling Ås)"]
[Site "Ås, Akershus NOR"]
[Date "1997.10.28"]
[Round "6"]
[White "Sterk, Michel"]
[Black "Furnes, Torstein"]
[Result "1/2-1/2"]
[WhiteElo "1490"]
[BlackElo "1479"]
[PlyCount "88"]
[EventDate "1997.09.16"]

1. f4 d5 2. Nf3 Nf6 3. e3 Bg4 4. d4 e6 5. Nbd2 Ne4 6. Bd3 f5 7. h3 Bxf3 8. Nxf3
Be7 9. O-O Nd7 10. Ne5 Nxe5 11. Bxe4 Nc4 12. Bd3 Nd6 13. c4 Ne4 14. Bxe4 dxe4
15. Qh5+ g6 16. Qe2 c5 17. Rd1 Qb6 18. b3 cxd4 19. exd4 O-O-O 20. c5 Qc7 21.
Be3 Bf6 22. Qc4 Rd5 23. Rac1 Qc6 24. b4 a6 25. Rb1 Rhd8 26. b5 axb5 27. Rxb5
Bxd4 28. Bxd4 Rxd4 29. Rxd4 Rxd4 30. Qxd4 Qxb5 31. Qh8+ Kc7 32. Qe5+ Kd8 33.
Qh8+ Kc7 34. Qxh7+ Kc6 35. Qxg6 Qxc5+ 36. Kf1 Qc1+ 37. Ke2 Qb2+ 38. Ke1 Qb1+
39. Kd2 Qxa2+ 40. Kc3 Qa3+ 41. Kd2 Qd3+ 42. Ke1 Kd5 43. Qg7 Qe3+ 44. Kd1 Qd3+
1/2-1/2

[Event "Høstturnering 1997 (avdeling Ås)"]
[Site "Ås, Akershus NOR"]
[Date "1997.10.28"]
[Round "6"]
[White "Lea, Per"]
[Black "Weberg, Øivind"]
[Result "0-1"]
[WhiteElo "1708"]
[BlackElo "1638"]
[PlyCount "70"]
[EventDate "1997.09.16"]

1. e4 e5 2. Nf3 Nc6 3. Bb5 a6 4. Ba4 Nf6 5. O-O Be7 6. Re1 b5 7. Bb3 O-O 8. c3
d5 9. exd5 Nxd5 10. Nxe5 Nxe5 11. Rxe5 Nf6 12. d4 Bd6 13. Re2 Bb7 14. Nd2 Qd7
15. f3 Rae8 16. Nf1 Rxe2 17. Qxe2 Re8 18. Qf2 Nd5 19. Ne3 Nf4 20. Bc2 c5 21.
Qh4 h6 22. Nf5 Ne2+ 23. Kf1 Re6 24. Qg4 g6 25. Bxh6 Bf8 26. Be3 cxd4 27. Nxd4
Nxd4 28. Bxd4 Qe8 29. Qh4 Bg7 30. Bxg7 Kxg7 31. Re1 Bd5 32. Qd4+ Kg8 33. Bxg6
Rxe1+ 34. Kf2 Re2+ 35. Kf1 Qe3 0-1

[Event "Høstturnering 1997 (avdeling Ås)"]
[Site "Ås, Akershus NOR"]
[Date "1997.11.11"]
[Round "7"]
[White "Sterk, Michel"]
[Black "Lea, Per"]
[Result "1/2-1/2"]
[WhiteElo "1490"]
[BlackElo "1708"]
[PlyCount "31"]
[EventDate "1997.09.16"]

1. f4 d5 2. Nf3 g6 3. e3 Bg7 4. d4 Nf6 5. Bd3 O-O 6. Nbd2 b6 7. O-O Ba6 8. Bxa6
Nxa6 9. c3 c5 10. Ne5 e6 11. Ndf3 c4 12. b4 b5 13. a4 Nc7 14. Bb2 Qd6 15. Qe1
Rfb8 16. a5 1/2-1/2

[Event "Høstturnering 1997 (avdeling Ås)"]
[Site "Ås, Akershus NOR"]
[Date "1997.11.18"]
[Round "8"]
[White "Delphin, Nils Håkon"]
[Black "Lea, Per"]
[Result "0-1"]
[WhiteElo "1035"]
[BlackElo "1708"]
[PlyCount "36"]
[EventDate "1997.09.16"]

1. e4 e5 2. Nf3 Nc6 3. Bc4 Nf6 4. d3 Bc5 5. Bg5 h6 6. Bh4 d6 7. h3 Be6 8. Bxe6
fxe6 9. Nc3 O-O 10. g4 Qe8 11. g5 hxg5 12. Nxg5 d5 13. Qd2 Qh5 14. Nxe6 Qxh4
15. Nxc5 Ng4 16. Nd1 Nd4 17. Kf1 Rxf2+ 18. Nxf2 Rf8 0-1

[Event "Høstturnering 1997 (avdeling Ås)"]
[Site "Ås, Akershus NOR"]
[Date "1997.12.16"]
[Round "8"]
[White "Furnes, Torstein"]
[Black "Johansen, Idun"]
[Result "1-0"]
[WhiteElo "1479"]
[BlackElo "877"]
[PlyCount "95"]
[EventDate "1997.09.16"]

1. d4 d5 2. c4 e6 3. Nc3 Nf6 4. Nf3 Bd6 5. c5 Be7 6. Bf4 c6 7. e3 O-O 8. Bd3
Nbd7 9. Qc2 g6 10. Bh6 Re8 11. e4 dxe4 12. Nxe4 Nxe4 13. Bxe4 Bf8 14. Bxf8 Rxf8
15. O-O Nf6 16. b4 Nxe4 17. Qxe4 Bd7 18. a4 Qc7 19. Ne5 Rad8 20. Ra3 f6 21. Nc4
Rfe8 22. Nd6 Re7 23. Qf4 Rf8 24. Qh6 b6 25. h4 bxc5 26. dxc5 Rb8 27. Qf4 Rf8
28. Qc4 Rb8 29. Rb1 h5 30. Rg3 Kh7 31. b5 Kh6 32. Qf4+ Kh7 33. Qxf6 Rg7 34. Nf7
cxb5 35. axb5 Qxc5 36. Ne5 Qc2 37. Rbb3 Rxb5 38. Rxb5 Bxb5 39. Qxe6 a5 40. Nf7
a4 41. Ng5+ Kh6 42. Qb6 Qc1+ 43. Kh2 a3 44. Qd8 Qc7 45. Qh8+ Rh7 46. Nxh7 Qxh7
47. Qxh7+ Kxh7 48. Rxa3 1-0

[Event "Høstturnering 1997 (avdeling Ås)"]
[Site "Ås, Akershus NOR"]
[Date "1997.12.02"]
[Round "9"]
[White "Lea, Per"]
[Black "Furnes, Torstein"]
[Result "0-1"]
[WhiteElo "1708"]
[BlackElo "1479"]
[PlyCount "72"]
[EventDate "1997.09.16"]

1. e4 c5 2. Nf3 Nc6 3. d4 cxd4 4. Nxd4 e5 5. Nb5 d6 6. N1c3 a6 7. Na3 b5 8. Nd5
Nf6 9. Bg5 Be7 10. Bxf6 Bxf6 11. c3 O-O 12. Be2 Bg5 13. g3 f5 14. h4 Be7 15.
Qb3 Kh8 16. exf5 Bxf5 17. f3 Be6 18. O-O-O Rc8 19. Nc2 Na5 20. Qa3 Bxd5 21.
Rxd5 Qb6 22. Rhd1 Nc4 23. Bxc4 Rxc4 24. Rxe5 Ra4 25. Qxa4 bxa4 26. Rxe7 Rb8 27.
Nb4 a5 28. Rde1 Qb5 29. Nd3 h6 30. Kc2 a3 31. b3 a4 32. b4 Qd5 33. Nc1 Qxf3 34.
R7e3 Qc6 35. Rd3 Rxb4 36. Rxd6 Rb2+ 0-1

[Event "Klubbmesterskap 1997 (kvalifisering Ås)"]
[Site "Ås, Akershus NOR"]
[Date "1997.02.04"]
[Round "1"]
[White "Skaug, Thorbjørn"]
[Black "Furnes, Torstein"]
[Result "0-1"]
[WhiteElo "1072"]
[BlackElo "1468"]
[PlyCount "80"]
[EventDate "1997.02.04"]

1. b4 e6 2. Bb2 Nf6 3. b5 d5 4. e3 c5 5. c4 b6 6. Nf3 Nbd7 7. Nc3 Bb7 8. Qc2
Be7 9. d4 Qc7 10. dxc5 Nxc5 11. Be2 dxc4 12. Bxc4 Rc8 13. Rc1 Nce4 14. Nxe4
Bxe4 15. Qe2 Bb4+ 16. Kf1 Qb7 17. Rg1 Rd8 18. Bd4 h5 19. Ne5 h4 20. h3 Rg8 21.
f3 Nh5 22. Kf2 Ng3 23. Qb2 f6 24. Qxb4 fxe5 25. Bxe6 Rf8 26. Bg4 exd4 27. Qc4
Qd5 28. Qc6+ Qxc6 29. bxc6 dxe3+ 30. Ke1 Bf5 31. c7 Rc8 32. Bxf5 Rxf5 33. Rc3
e2 34. Kf2 Rc5 35. Rgc1 Rxc3 36. Rxc3 Kd7 37. Rd3+ Kxc7 38. Rc3+ Kb7 39. Rxc8
Kxc8 40. f4 Kd7 0-1

[Event "Klubbmesterskap 1997 (kvalifisering Ås)"]
[Site "Ås, Akershus NOR"]
[Date "1997.02.04"]
[Round "1"]
[White "Lea, Per"]
[Black "Kristiansen, Eirik"]
[Result "1-0"]
[WhiteElo "1704"]
[BlackElo "835"]
[PlyCount "53"]
[EventDate "1997.02.04"]

1. e4 e5 2. Nf3 Nc6 3. Bb5 Bc5 4. O-O a6 5. Bxc6 bxc6 6. Nxe5 Qe7 7. Nf3 Qxe4
8. Re1 Qxe1+ 9. Qxe1+ Ne7 10. d4 Bd6 11. Bg5 f6 12. Bh4 O-O 13. c4 c5 14. Nc3
cxd4 15. Nxd4 Ng6 16. Bg3 Bxg3 17. hxg3 d6 18. Qe4 Rb8 19. b3 Bd7 20. Re1 Rfe8
21. Qd5+ Kh8 22. Rxe8+ Rxe8 23. Kf1 Nf8 24. Qf7 Rd8 25. Nd5 c5 26. Nxf6 cxd4
27. Qg8# 1-0

[Event "Klubbmesterskap 1997 (kvalifisering Ås)"]
[Site "Ås, Akershus NOR"]
[Date "1997.02.11"]
[Round "2"]
[White "Ådnøy, Hallvard Voll"]
[Black "Lea, Per"]
[Result "1-0"]
[WhiteElo "1915"]
[BlackElo "1704"]
[PlyCount "57"]
[EventDate "1997.02.04"]

1. d4 d5 2. c4 e6 3. Nc3 Nf6 4. cxd5 exd5 5. Bg5 Be7 6. e3 O-O 7. Bd3 c6 8. Qc2
h6 9. Bh4 Nbd7 10. f3 Re8 11. Nge2 Nb6 12. O-O Nh5 13. Bf2 Bh4 14. g3 Be7 15.
g4 Nf6 16. h3 Bd6 17. e4 dxe4 18. fxe4 Bc7 19. Bh4 g5 20. e5 gxh4 21. Rxf6 Kg7
22. Raf1 Be6 23. Bg6 Rf8 24. Bh5 Qe8 25. Qd2 Rh8 26. Qf4 Nd5 27. Nxd5 Bxd5 28.
Rxf7+ Bxf7 29. Qf6+ 1-0

[Event "Klubbmesterskap 1997 (kvalifisering Ås)"]
[Site "Ås, Akershus NOR"]
[Date "1997.02.11"]
[Round "2"]
[White "Furnes, Torstein"]
[Black "Moberg, Jan Rune"]
[Result "1-0"]
[WhiteElo "1468"]
[BlackElo "1365"]
[PlyCount "63"]
[EventDate "1997.02.04"]

1. d4 Nf6 2. c4 e6 3. Nc3 Bb4 4. Bd2 O-O 5. Nf3 d5 6. e3 a5 7. Bd3 Nc6 8. O-O
Bxc3 9. Bxc3 Nb4 10. Bxb4 axb4 11. Qb3 dxc4 12. Qxc4 Qe7 13. Rfc1 c6 14. Ne5
Rd8 15. f4 Nd5 16. Re1 f6 17. Nf3 Bd7 18. Qc2 f5 19. Ne5 Nf6 20. e4 Qd6 21. Qf2
fxe4 22. Bxe4 Nxe4 23. Rxe4 Qd5 24. Re2 Be8 25. Rd1 Rxa2 26. f5 Qb3 27. Rf1
exf5 28. Qxf5 Bg6 29. Nxg6 hxg6 30. Qxg6 Rxb2 31. Re7 Rxg2+ 32. Qxg2 1-0

[Event "Klubbmesterskap 1997 (kvalifisering Ås)"]
[Site "Ås, Akershus NOR"]
[Date "1997.02.25"]
[Round "3"]
[White "Ådnøy, Hallvard Voll"]
[Black "Furnes, Torstein"]
[Result "1-0"]
[WhiteElo "1915"]
[BlackElo "1468"]
[PlyCount "65"]
[EventDate "1997.02.04"]

1. e4 c5 2. Nf3 Nc6 3. d4 cxd4 4. Nxd4 d6 5. c4 Nf6 6. Nc3 Qa5 7. Nb3 Qd8 8.
Be2 g6 9. O-O Bg7 10. Be3 O-O 11. Rc1 Nd7 12. Qd2 f5 13. exf5 Rxf5 14. Bg4 Rf8
15. Be6+ Kh8 16. Nd4 Nde5 17. Bd5 Bd7 18. h3 Rc8 19. Ne6 Bxe6 20. Bxe6 Ra8 21.
Nd5 Nb8 22. f4 Ned7 23. b4 Nf6 24. Bd4 Nbd7 25. g4 a5 26. Rce1 axb4 27. Bxd7
Nxd5 28. Be6 Nf6 29. f5 Ne8 30. fxg6 Bxd4+ 31. Qxd4+ Ng7 32. Rxf8+ Qxf8 33. Rf1
1-0

[Event "Klubbmesterskap 1997 (kvalifisering Ås)"]
[Site "Ås, Akershus NOR"]
[Date "1997.02.25"]
[Round "3"]
[White "Lea, Per"]
[Black "Moberg, Jan Rune"]
[Result "1-0"]
[WhiteElo "1704"]
[BlackElo "1365"]
[PlyCount "49"]
[EventDate "1997.02.04"]

1. e4 c5 2. Nf3 d6 3. d4 cxd4 4. Nxd4 Nf6 5. Nc3 g6 6. f3 Bg7 7. Be3 Nc6 8. Qd2
Bd7 9. O-O-O O-O 10. g4 Nxd4 11. Bxd4 Qa5 12. Bc4 b5 13. Nxb5 Qxd2+ 14. Kxd2
Rfc8 15. Kd3 Bxb5 16. Bxb5 Ne8 17. Bxe8 Bxd4 18. Kxd4 Rxc2 19. Ba4 Rxb2 20. Bb3
a5 21. Rb1 Rg2 22. Rbc1 Rb8 23. Rc2 Rxc2 24. Bxc2 Kg7 25. Rb1 1-0

[Event "Klubbmesterskap 1997 (kvalifisering Ås)"]
[Site "Ås, Akershus NOR"]
[Date "1997.03.17"]
[Round "4"]
[White "Skaug, Thorbjørn"]
[Black "Lea, Per"]
[Result "0-1"]
[WhiteElo "1072"]
[BlackElo "1704"]
[PlyCount "80"]
[EventDate "1997.02.04"]

1. g4 d5 2. h3 e5 3. Bg2 Be6 4. c4 c6 5. cxd5 cxd5 6. Nc3 Ne7 7. d3 g6 8. Bg5
Nbc6 9. e3 Bg7 10. Nge2 O-O 11. Qd2 Qd7 12. f4 f5 13. gxf5 Nxf5 14. fxe5 Nxe5
15. O-O-O Rac8 16. Kb1 b5 17. Nf4 Nxe3 18. Nxe6 Nxd1 19. Rxd1 Rfe8 20. Nxg7
Kxg7 21. Nxd5 Re6 22. Nf4 Rd6 23. Nd5 Rxd5 24. Bxd5 Qxd5 25. Be3 Kg8 26. Qe2 b4
27. d4 Qe4+ 28. Ka1 Nc4 29. Re1 Qxe3 30. a4 Qxe2 31. Rxe2 a5 32. Rc2 Nb6 33.
Rxc8+ Nxc8 34. b3 Kf7 35. Kb2 Ke6 36. Kc2 Kd5 37. Kd3 Nd6 38. Ke3 Nf5+ 39. Kd3
Nxd4 40. h4 Nxb3 0-1

[Event "Klubbmesterskap 1997 (kvalifisering Ås)"]
[Site "Ås, Akershus NOR"]
[Date "1997.03.04"]
[Round "4"]
[White "Furnes, Torstein"]
[Black "Nord, Knut"]
[Result "1-0"]
[WhiteElo "1468"]
[BlackElo "1283"]
[PlyCount "45"]
[EventDate "1997.02.04"]

1. d4 g6 2. c4 Bg7 3. Nc3 Nc6 4. Nf3 Nf6 5. e4 d6 6. Be2 O-O 7. O-O e6 8. Bg5
Qd7 9. Qd2 a6 10. Bh6 e5 11. Bxg7 Kxg7 12. d5 Ne7 13. Nh4 b6 14. f4 h6 15. Qe3
Ng4 16. Qg3 g5 17. fxg5 hxg5 18. Nf5+ Nxf5 19. exf5 Nh6 20. Qxg5+ Kh7 21. f6
Rg8 22. Bd3+ Nf5 23. Qh5# 1-0

[Event "Klubbmesterskap 1997 (kvalifisering Ås)"]
[Site "Ås, Akershus NOR"]
[Date "1997.03.11"]
[Round "5"]
[White "Lea, Per"]
[Black "Olsen, Runar Mogan"]
[Result "1/2-1/2"]
[WhiteElo "1704"]
[BlackElo "1224"]
[PlyCount "105"]
[EventDate "1997.02.04"]

1. e4 e5 2. Nf3 Nc6 3. Bc4 Bc5 4. c3 d6 5. d4 Bb6 6. dxe5 dxe5 7. Qxd8+ Nxd8 8.
Nxe5 Nf6 9. f3 Be6 10. Bg5 Nd7 11. Nxd7 Bxc4 12. Nxb6 axb6 13. Na3 Be6 14. O-O
O-O 15. Rfd1 f6 16. Bf4 c6 17. Bd6 Re8 18. b3 Nf7 19. Nc2 Red8 20. Ba3 Ne5 21.
Kf2 c5 22. c4 Nc6 23. Ke2 f5 24. Bb2 fxe4 25. fxe4 Bg4+ 26. Ke1 Rxd1+ 27. Rxd1
Bxd1 28. Kxd1 Rxa2 29. Kc1 Ra8 30. Kd2 Re8 31. Ke3 Kf7 32. Ne1 Kg6 33. Nf3 Re7
34. Nh4+ Kf7 35. Nf5 Rd7 36. Nxg7 Kg8 37. Nh5 Kf8 38. Nf6 Rf7 39. e5 Ke7 40.
Ke4 Ke6 41. g4 Na5 42. g5 Nxb3 43. Bc3 b5 44. cxb5 Nd4 45. Bxd4 cxd4 46. Kxd4
Rc7 47. h4 b6 48. h5 Rg7 49. Ne4 Rd7+ 50. Nd6 Rg7 51. Ne4 Rd7+ 52. Nd6 Rg7 53.
Ne4 1/2-1/2

[Event "Klubbmesterskap 1997 (kvalifisering Ås)"]
[Site "Ås, Akershus NOR"]
[Date "1997.03.11"]
[Round "5"]
[White "Holm, Bjarne"]
[Black "Furnes, Torstein"]
[Result "1-0"]
[WhiteElo "1728"]
[BlackElo "1468"]
[PlyCount "83"]
[EventDate "1997.02.04"]

1. e4 c5 2. Nf3 Nc6 3. d4 cxd4 4. Nxd4 e5 5. Nb3 Nf6 6. Nc3 Bb4 7. Bc4 O-O 8.
Bg5 h6 9. Bxf6 Qxf6 10. O-O Bxc3 11. bxc3 Qg6 12. Qd3 d6 13. Rad1 Rd8 14. f4
exf4 15. Rxf4 Ne5 16. Qd4 Nxc4 17. Qxc4 Bh3 18. Rd2 Rac8 19. Qd3 Be6 20. Nd4
Bc4 21. Qf3 Bxa2 22. Rg4 Rxc3 23. Qf4 Qh5 24. Nf5 g5 25. Rxd6 Rxd6 26. Qxd6 Be6
27. Ne7+ Kh7 28. Qd8 Rc8 29. Nxc8 Qxg4 30. Ne7 Kg7 31. e5 f6 32. exf6+ Kxf6 33.
Qf8+ Bf7 34. Ng8+ Kg6 35. Qxh6+ Kf5 36. Qf6+ Ke4 37. Qxf7 Qd1+ 38. Qf1 Qxc2 39.
Nf6+ Ke5 40. Ng4+ Kd6 41. Qf8+ Kc6 42. Qc8+ 1-0

[Event "Klubbmesterskap 1997 (kvalifisering Ås)"]
[Site "Ås, Akershus NOR"]
[Date "1997.04.08"]
[Round "7"]
[White "Lea, Per"]
[Black "Furnes, Torstein"]
[Result "1-0"]
[WhiteElo "1704"]
[BlackElo "1468"]
[PlyCount "93"]
[EventDate "1997.02.04"]

1. e4 c5 2. Nf3 Nc6 3. d4 cxd4 4. Nxd4 e5 5. Nb5 d6 6. N1c3 a6 7. Na3 b5 8. Nd5
Nf6 9. Bg5 Be7 10. Nxe7 Qxe7 11. Qd2 O-O 12. Rd1 Rd8 13. Bd3 Bb7 14. O-O h6 15.
Bh4 Nd4 16. c3 Ne6 17. Nc2 g5 18. Bg3 Nxe4 19. Bxe4 Bxe4 20. f3 Bxc2 21. Qxc2
Nf4 22. Rfe1 d5 23. Qf5 f6 24. Bxf4 gxf4 25. Qxf4 Qc5+ 26. Qe3 d4 27. cxd4 Rxd4
28. Rxd4 exd4 29. Qe6+ Kg7 30. Qg4+ Kf8 31. Qg6 Qg5 32. Qe4 Ra7 33. Qxd4 Rf7
34. Re4 h5 35. Qe3 Qg6 36. Qa3+ Kg8 37. Qxa6 Rg7 38. Qc8+ Kh7 39. Qc2 f5 40.
Re5 h4 41. Rxf5 Qb6+ 42. Qc5 Qe6 43. Rh5+ Kg8 44. Qd5 Qxd5 45. Rxd5 Rc7 46. h3
Rc1+ 47. Kh2 1-0